00585nam a2200193Ia 4500001001000000003000500010008004100015010001100056040000900067082002100076100001900097245008400116260006600200300001500266440006900281650001100350650001500361650001500376Para_6372CHAP220125s1917 xx 000 0 und d a205084 cCHAP aPA-C 595.733 G37 aGarman, Philip aThe zygoptera, or damsel-flies, of Illinois /c by Philip Garman - (M /cBAJA) aUrbana, ILL. :b Illinois State Laboratory of Natural History a411-587 p. aBulletin of the Illinois State Laboratory of Natural History: 12 aOrugas aRhinocypa  aZygoptera